000 00418 a2200157 4500
005 20250625083323.0
020 _a978-0-07-295643-6
082 _a435TER
100 _aTARRELL, T. D.
245 _aContacted: A Communicative Approach,
250 _a5th Ed.
260 _aNew York,
_bMcGraw- Hill,
_c2004.
300 _axxxii, 437p, ill,: figure, table
_bIndex
_c26cm
700 _aTSCHIRNER, E. et al
942 _2ddc
_cBKS
999 _c4953
_d4953